[Event "Regionalliga NO 1011"]
[Site "Bayern"]
[Date "2011.04.10"]
[Round "9.5"]
[White "Stiller, Juergen"]
[Black "Noeckler, Alexander"]
[Result "1-0"]
[WhiteElo "2170"]
[BlackElo "1873"]
[PlyCount "47"]
[EventDate "2010.10.10"]
[EventType "team-tourn"]
[EventRounds "9"]
[EventCountry "GER"]
[SourceTitle "EXT 2012"]
[Source "ChessBase"]
[SourceDate "2011.11.24"]
[SourceVersion "1"]
[SourceVersionDate "2011.11.24"]
[SourceQuality "1"]
[WhiteTeam "Nuernberg Sued SW"]
[BlackTeam "Weiden"]
[WhiteTeamCountry "GER"]
[BlackTeamCountry "GER"]

1. d4 d5 2. e3 Nf6 3. Bd3 e6 4. Nf3 Nbd7 5. Nbd2 Bd6 6. 0-0 c6 7. Qe2 0-0 8. e4 dxe4 9. Nxe4 Nxe4 10. Qxe4 Nf6 11. Qh4 h6 12. Bxh6 gxh6 13. Qxh6 Re8 14. Ng5 Qc7 15. Qxf6 Bxh2+ 16. Kh1 Bf4 17. Nh3 Bd6 18. f4 Qe7 19. Qh6 f5 20. Qg6+ Kf8 21. Ng5 Qc7 22. Rae1 Re7 23. Rf3 Bxf4 24. Rh3 1-0